000 00798nam a22002177a 4500
999 _c5945
_d5945
005 20251125232804.0
008 s2540 th tha d
020 _a9748162532
040 _aNALT
041 _atha
050 _aHF5549.5.T4 ส816ก 2540
100 0 _aสุนันทา เลาหนันทน์
245 1 0 _aการสร้างทีมงาน
260 3 _aกรุงเทพฯ :
_bดี.ดี.บุ๊คสโตร์,
_c2540
300 _a252 หน้า :
_b ภาพประกอบ ; ตาราง ;
_c 26 ซม.
650 0 4 _aการทำงานเป็นทีม
650 0 4 _aการพัฒนาองค์การ
850 _aNALT
856 4 0 _uhttps://hdl.handle.net/20.500.14156/462396
_71
942 _cGB
_2lcc